[Event "ch-Commonwealth 2012"]
[Site "Chennai IND"]
[Date "2012.11.28"]
[Round "8"]
[White "Akshaya, Nandakumar"]
[Black "Kunal, M."]
[Result "0-1"]
[WhiteElo "1849"]
[BlackElo "2276"]
[WhiteFideId "5075912"]
[BlackFideId "5018250"]
[EventDate "2012.11.23"]

1. e4 c6 2. d4 d5 3. exd5 cxd5 4. c4 Nf6 5. Nc3 e6 6. Nf3 Nc6 7. c5 Be7 8. Bb5
Bd7 9. O-O O-O 10. Bxc6 Bxc6 11. Ne5 Ne4 12. Qc2 Bf6 13. Nxc6 bxc6 14. Ne2 Be7
15. Bf4 Qa5 16. a3 Qb5 17. f3 Nf6 18. a4 Qb7 19. a5 a6 20. Ng3 Bd8 21. Ra3 Bc7
22. Rb3 Qc8 23. Bxc7 Qxc7 24. Rb6 Nd7 25. Rc1 Rfc8 26. Qd3 Nxb6 27. cxb6 Qe7 28.
Rc5 g6 29. b4 Re8 30. f4 f6 31. Qc3 e5 32. fxe5 fxe5 33. dxe5 Qxe5 34. Qxe5 Rxe5
35. Rxc6 Re1+ 36. Kf2 Re7 37. h3 Rd8 38. b5 d4 39. bxa6 d3 40. Nf1 Rf7+ 41. Ke3
Rxf1 42. b7 d2 43. Rd6 d1=Q 44. Rxd1 Rfxd1 45. a7 Re1+ 46. Kf2 Ree8 47. a6 Ra8
48. b8=Q Rexb8 49. axb8=Q+ Rxb8 0-1

[Event "ch-Commonwealth 2012"]
[Site "Chennai IND"]
[Date "2012.11.29"]
[Round "9"]
[White "Venkatesh, M.R."]
[Black "Karthikeyan, P."]
[Result "1/2-1/2"]
[WhiteTitle "GM"]
[BlackTitle "IM"]
[WhiteElo "2520"]
[BlackElo "2414"]
[WhiteFideId "5005779"]
[BlackFideId "5018226"]
[EventDate "2012.11.23"]

1. Nf3 c5 2. c4 Nc6 3. Nc3 Nf6 4. g3 d5 5. cxd5 Nxd5 6. Bg2 Nc7 7. O-O e5 8. a3
f6 9. e3 Bg4 10. h3 Bh5 11. Qa4 Qd7 12. Ne1 Be7 13. b4 Bf7 14. bxc5 Ne6 15. d4
exd4 16. exd4 Nexd4 17. Be3 Bxc5 18. Nd3 Bb6 19. Bxd4 Nxd4 20. Rfe1+ Be6 21.
Bxb7 Kf7 22. Qxd7+ Bxd7 23. Bd5+ Kg6 24. Bxa8 Rxa8 25. Red1 Kf7 26. Nf4 Bc6 27.
Ncd5 Rd8 28. Nxb6 axb6 29. Rac1 g5 30. Rxd4 Rxd4 31. Rxc6 1/2-1/2

[Event "ch-Commonwealth 2012"]
[Site "Chennai IND"]
[Date "2012.11.29"]
[Round "9"]
[White "Tiviakov, Sergei"]
[Black "Adly, Ahmed"]
[Result "1-0"]
[WhiteTitle "GM"]
[BlackTitle "GM"]
[WhiteElo "2659"]
[BlackElo "2607"]
[WhiteFideId "1008013"]
[BlackFideId "10601619"]
[EventDate "2012.11.23"]

1. e4 c5 2. Nc3 a6 3. Nge2 d6 4. g3 b5 5. Bg2 Bb7 6. d4 b4 7. Na4 Nd7 8. a3 e5
9. Qd3 Ngf6 10. c3 cxd4 11. axb4 dxc3 12. bxc3 Qc7 13. O-O Be7 14. Be3 O-O 15.
c4 Rfc8 16. Rfc1 Ng4 17. Bd2 Nb6 18. Nb2 Nd7 19. h3 Ngf6 20. Nc3 Qb8 21. Nba4
Bc6 22. Nd5 Bd8 23. h4 a5 24. Nxf6+ Nxf6 25. b5 Bd7 26. Rab1 Be6 27. f4 Ng4 28.
Bf3 Bb6+ 29. Kg2 exf4 30. Bxf4 Rd8 31. Qe2 Ne5 32. Bxe5 dxe5 33. c5 Bc7 34. b6
Rd4 35. bxc7 Qxc7 36. Nb6 Rad8 37. Nd5 Bxd5 38. exd5 e4 39. Bxe4 Re8 40. d6 Qc8
41. Rc4 Rexe4 42. Qxe4 Rxe4 43. Rxe4 h5 44. Re5 f6 45. Rd5 Qe6 46. Rd2 Qe4+ 47.
Kh2 Qxb1 48. d7 Kh7 49. d8=Q 1-0

[Event "ch-Commonwealth 2012"]
[Site "Chennai IND"]
[Date "2012.11.29"]
[Round "9"]
[White "Narayanan, S.L."]
[Black "Oleksienko, Mikhailo"]
[Result "1-0"]
[BlackTitle "GM"]
[WhiteElo "2350"]
[BlackElo "2551"]
[WhiteFideId "5058422"]
[BlackFideId "4152417"]
[EventDate "2012.11.23"]

1. d4 Nf6 2. c4 c5 3. d5 e6 4. Nc3 exd5 5. cxd5 d6 6. Nf3 g6 7. g3 Bg7 8. Bg2
O-O 9. O-O Re8 10. Nd2 a6 11. a4 Nbd7 12. h3 Rb8 13. Nc4 Ne5 14. Na3 Nh5 15. e4
Bd7 16. a5 Qxa5 17. g4 Nf6 18. f4 Nexg4 19. hxg4 Nxg4 20. f5 Ne5 21. f6 Bf8 22.
Bg5 Qd8 23. Nc2 a5 24. Qd2 b5 25. Bh6 Ng4 26. Bxf8 Kxf8 27. Qf4 Re5 28. Bh3 Qxf6
29. Bxg4 Qxf4 30. Rxf4 Rg5 31. Ne3 h5 32. Rxa5 Rb7 33. e5 Bxg4 34. exd6 Re5 35.
Ra8+ Kg7 36. Re4 Kf6 37. Nxg4+ hxg4 38. Re8 Rxe8 39. Rxe8 1-0

[Event "ch-Commonwealth 2012"]
[Site "Chennai IND"]
[Date "2012.11.29"]
[Round "9"]
[White "Lalith, Babu M.R."]
[Black "Laxman, R.R."]
[Result "1-0"]
[WhiteTitle "GM"]
[BlackTitle "GM"]
[WhiteElo "2528"]
[BlackElo "2461"]
[WhiteFideId "5024595"]
[BlackFideId "5005361"]
[EventDate "2012.11.23"]

1. Nf3 d5 2. d4 Nf6 3. c4 e6 4. Nc3 Bb4 5. e3 O-O 6. Bd3 c5 7. O-O Nc6 8. a3
Bxc3 9. bxc3 Qc7 10. Qe2 dxc4 11. Bxc4 e5 12. d5 Na5 13. e4 Nxc4 14. Qxc4 Bg4
15. Ne1 Ne8 16. Be3 b6 17. f4 Nd6 18. Qd3 f6 19. Nf3 Rae8 20. Rae1 Bxf3 21. gxf3
Qd7 22. Bc1 Qh3 23. Qe2 Qh4 24. fxe5 fxe5 25. Kh1 Rf6 26. Rg1 Qh5 27. Rg3 Rg6
28. Kg2 Rf8 29. Rf1 Rff6 30. Bd2 c4 31. a4 Qh4 32. Be1 Qf4 33. Rxg6 Rxg6+ 34.
Bg3 Qh4 35. Qe3 Qe7 36. f4 h5 37. fxe5 Qxe5 38. Kf3 Qe8 39. Re1 Nb7 40. Qd4 h4
41. Bf4 Qd7 42. Ke3 Na5 43. Rf1 Rg2 44. d6 Qg4 45. Qd5+ Kh8 46. Qd1 Qd7 47. Be5
Kg8 48. Qf3 Nc6 49. Qf8+ Kh7 50. Rf5 Nxe5 51. Rxe5 Rxh2 52. Qf5+ Qxf5 53. Rxf5
Rh3+ 54. Kf2 1-0

[Event "ch-Commonwealth 2012"]
[Site "Chennai IND"]
[Date "2012.11.29"]
[Round "9"]
[White "Ram, S. Krishnan"]
[Black "Shyam, Sundar M."]
[Result "1/2-1/2"]
[BlackTitle "IM"]
[WhiteElo "2269"]
[BlackElo "2484"]
[WhiteFideId "5010519"]
[BlackFideId "5019141"]
[EventDate "2012.11.23"]

1. Nf3 Nf6 2. c4 g6 3. b3 Bg7 4. Bb2 d6 5. d4 c5 6. dxc5 Qa5+ 7. Qd2 Qxc5 8. e3
Nc6 9. Nc3 O-O 10. Be2 Qa5 11. Nd4 Rd8 12. O-O d5 13. Nxc6 bxc6 14. Rfd1 Be6 15.
cxd5 Nxd5 16. Nxd5 Qxd2 17. Rxd2 Rxd5 18. Rxd5 Bxb2 19. Rdd1 Bxa1 20. Rxa1 Rd8
21. Rd1 Rxd1+ 22. Bxd1 Kf8 23. Kf1 Ke8 24. Ke2 Kd7 25. Kd3 Kd6 1/2-1/2

[Event "ch-Commonwealth 2012"]
[Site "Chennai IND"]
[Date "2012.11.29"]
[Round "9"]
[White "Neelotpal, Das"]
[Black "Krishna, C.R.G."]
[Result "1/2-1/2"]
[WhiteTitle "GM"]
[WhiteElo "2467"]
[BlackElo "2327"]
[WhiteFideId "5003512"]
[BlackFideId "5018625"]
[EventDate "2012.11.23"]

1. d4 d5 2. c4 c6 3. Nc3 Nf6 4. e3 a6 5. Qc2 e6 6. Nf3 c5 7. cxd5 exd5 8. Be2
Nc6 9. O-O Nb4 10. Qd1 Bd6 11. dxc5 Bxc5 12. a3 Nc6 13. b4 Ba7 14. Bb2 O-O 15.
Rc1 Bg4 16. h3 Bh5 17. Nh4 Bxe2 18. Nxe2 Re8 19. Nf5 Ne5 20. Neg3 Re6 21. Qb3
Nc4 22. Rfd1 Nxb2 23. Qxb2 Qf8 24. Ne2 g6 25. Nfd4 Rd6 26. Nf4 Re8 27. Rc7 Re7
28. Rdc1 Rxc7 29. Rxc7 Bb8 30. Rc2 Qe7 31. b5 axb5 32. Rc5 Rd7 33. Rxb5 Bxf4 34.
exf4 Qe1+ 35. Kh2 Ne4 36. Nf3 Qxf2 37. Qxf2 Nxf2 38. Ne5 Rd6 39. Rxb7 d4 40. Rb2
d3 41. Nc4 Rd4 42. Rxf2 Rxc4 43. Rd2 Rc3 44. a4 Ra3 1/2-1/2

[Event "ch-Commonwealth 2012"]
[Site "Chennai IND"]
[Date "2012.11.29"]
[Round "9"]
[White "Karthikeyan, Murali"]
[Black "Dzhumaev, Marat"]
[Result "0-1"]
[BlackTitle "GM"]
[WhiteElo "2329"]
[BlackElo "2530"]
[WhiteFideId "5074452"]
[BlackFideId "14200236"]
[EventDate "2012.11.23"]

1. e4 e5 2. Nf3 Nc6 3. Bc4 Nf6 4. d3 Be7 5. O-O O-O 6. Re1 d6 7. a4 h6 8. Nbd2
Re8 9. Nf1 Bf8 10. Ng3 a6 11. c3 Be6 12. Bxe6 Rxe6 13. d4 exd4 14. Nxd4 Re8 15.
Bf4 Qd7 16. Nxc6 Qxc6 17. Qf3 Re6 18. Re2 Rae8 19. Rae1 Qxa4 20. h3 Qc6 21. Qd3
Nd7 22. f3 g6 23. Bc1 Nc5 24. Qc2 Bg7 25. f4 Qa4 26. Qb1 f5 27. exf5 Rxe2 28.
Nxe2 Qe4 29. Qxe4 Rxe4 30. Kf1 Nd3 31. Rd1 Nxc1 32. Rxc1 gxf5 33. Kf2 Ra4 34.
Kf3 Kf7 35. Ng3 Kg6 36. Re1 Bf6 37. Re6 Kf7 38. Re2 Ra5 39. Nf1 Rb5 40. Ne3 h5
41. g4 hxg4+ 42. hxg4 fxg4+ 43. Nxg4 Bg7 44. Ke4 Rh5 45. Ne3 c6 46. c4 Ke6 47.
Rd2 Rh1 48. f5+ Kd7 49. Rg2 Be5 50. Ng4 Re1+ 51. Kd3 Bf4 52. Rf2 Bg5 53. f6 Rd1+
54. Kc2 Rd4 55. f7 Be7 56. Nf6+ Ke6 57. Nh7 Rxc4+ 58. Kb3 Rh4 59. Ng5+ Kd7 60.
f8=Q Bxf8 61. Rxf8 c5 62. Nf3 Rh3 63. Kc3 Kc6 64. b4 Kb5 65. bxc5 dxc5 66. Kb2
Kb4 67. Ne5 Rh2+ 68. Kc1 c4 69. Rf7 b5 70. Rf6 Kb3 71. Nf3 Rh1+ 72. Kd2 c3+ 73.
Ke3 Rd1 74. Rxa6 c2 75. Nd2+ Kb4 0-1

[Event "ch-Commonwealth 2012"]
[Site "Chennai IND"]
[Date "2012.11.29"]
[Round "9"]
[White "Kathmale, Sameer"]
[Black "Arun Prasad, S."]
[Result "1/2-1/2"]
[BlackTitle "GM"]
[WhiteElo "2281"]
[BlackElo "2513"]
[WhiteFideId "5024498"]
[BlackFideId "5011167"]
[EventDate "2012.11.23"]

1. e4 c5 2. c3 d5 3. exd5 Qxd5 4. d4 Nc6 5. Nf3 Bf5 6. Be3 Nf6 7. Na3 cxd4 8.
Nb5 O-O-O 9. Nfxd4 Nxd4 10. cxd4 e5 11. Qc1+ Kd7 12. Qc7+ Ke8 13. Bc4 Bb4+ 14.
Nc3 Ba5 15. Qxe5+ Qxe5 16. dxe5 Ne4 17. O-O Nxc3 18. bxc3 b6 19. Rac1 Bd3 20.
Bxd3 Rxd3 21. Rfd1 Rxd1+ 22. Rxd1 Ke7 23. Bd4 Rc8 24. Rd3 Rc4 25. f4 Ra4 26. Rd2
Rc4 27. Rd3 Ra4 28. Rd2 Rc4 29. Rd3 Ra4 30. Rd2 1/2-1/2

[Event "ch-Commonwealth 2012"]
[Site "Chennai IND"]
[Date "2012.11.29"]
[Round "9"]
[White "Sundararajan, Kidambi"]
[Black "Garcia, Jan Emmanuel"]
[Result "1/2-1/2"]
[WhiteTitle "GM"]
[BlackTitle "IM"]
[WhiteElo "2434"]
[BlackElo "2394"]
[WhiteFideId "5005370"]
[BlackFideId "5200750"]
[EventDate "2012.11.23"]

1. d4 g6 2. c4 d6 3. e4 Nf6 4. Nc3 Bg7 5. h3 O-O 6. Be3 e5 7. d5 a5 8. c5 Na6 9.
cxd6 cxd6 10. Nf3 Nc5 11. Bxc5 dxc5 12. Nd2 Ne8 13. Nc4 Nd6 14. Nxd6 Qxd6 15. a4
f5 16. Bc4 Bd7 17. Qe2 Rad8 18. h4 Bh6 19. h5 Kg7 20. Ra3 b6 21. Rb3 Qf6 22. Bb5
Bxb5 23. Rxb5 fxe4 24. Nxe4 Qf4 25. O-O Rxd5 26. Rxb6 Qh4 27. Rb7+ Kh8 28. hxg6
hxg6 29. g3 Qh3 30. Qc4 Rd7 31. Rxd7 Qxd7 32. Qxc5 Qxa4 33. Qxe5+ Bg7 34. Qe7
Qd4 35. Kg2 Qd5 36. Rc1 Qf5 37. Qh4+ Kg8 38. Re1 Bxb2 39. f4 Rc8 40. Re2 Qb5 41.
Qg4 Qf5 42. Qxf5 gxf5 43. Nd6 Rb8 44. Nc4 Bc3 45. Rc2 Bb4 46. Kf3 Rc8 47. Ne3
Rxc2 48. Nxc2 1/2-1/2

[Event "ch-Commonwealth 2012"]
[Site "Chennai IND"]
[Date "2012.11.29"]
[Round "9"]
[White "Rathnakaran, K."]
[Black "Purushothaman, T"]
[Result "1/2-1/2"]
[WhiteTitle "IM"]
[WhiteElo "2430"]
[BlackElo "2286"]
[WhiteFideId "5005507"]
[BlackFideId "5012791"]
[EventDate "2012.11.23"]

1. e4 c5 2. Nf3 d6 3. c3 Nf6 4. Be2 g6 5. O-O Bg7 6. Re1 O-O 7. Bf1 Nc6 8. d3 e5
9. Nbd2 Re8 10. a4 h6 11. Nc4 d5 12. exd5 Nxd5 13. a5 Rb8 14. Qa4 Bd7 15. Qb3
Qc7 16. Nfd2 b5 17. axb6 axb6 18. Ne4 Be6 19. Ned6 Red8 20. Nb5 Qd7 21. Bd2 Nc7
22. Nxc7 Qxc7 23. Qc2 b5 24. Ne3 f5 25. g3 Na5 26. c4 Nc6 27. Bg2 Nd4 28. Qd1
bxc4 29. Ba5 Qf7 30. Bxd8 Rxd8 31. dxc4 f4 32. Nd5 f3 33. Bf1 Bxd5 34. cxd5 Qxd5
35. Qa4 Kh7 36. Rac1 e4 37. Qc4 Qxc4 38. Rxc4 Rb8 39. Rxc5 Rxb2 40. Rc7 e3 41.
Rxe3 Rb1 42. h4 Ne2+ 43. Kh2 Rxf1 44. Rxf3 Nd4 45. Rf6 h5 46. Kg2 Ra1 47. Rd7
Ra2 48. Rff7 Nf5 49. Ra7 Re2 50. Kf3 Re6 51. Kg2 Kg8 52. Rfd7 Bf8 53. Ra8 Ne7
54. Rdd8 Rf6 55. Re8 Kg7 56. Ra7 Kf7 57. Rb8 Bg7 58. Rb3 Rc6 59. Re3 Bf6 60. Re2
Kf8 61. Ra8+ Nc8 62. Raa2 Nd6 63. Re6 Kf7 64. Rae2 Rb6 1/2-1/2

[Event "ch-Commonwealth 2012"]
[Site "Chennai IND"]
[Date "2012.11.29"]
[Round "9"]
[White "Ikeda, Junta"]
[Black "Vijayalakshmi, Subbaraman"]
[Result "1/2-1/2"]
[WhiteTitle "FM"]
[BlackTitle "IM"]
[WhiteElo "2304"]
[BlackElo "2400"]
[WhiteFideId "3204731"]
[BlackFideId "5004098"]
[EventDate "2012.11.23"]

1. e4 e5 2. Nf3 Nc6 3. Bb5 a6 4. Ba4 Nf6 5. O-O Be7 6. d3 d6 7. c3 O-O 8. Re1 b5
9. Bc2 Re8 10. a4 Rb8 11. Nbd2 Bf8 12. d4 exd4 13. Nxd4 Bb7 14. axb5 Nxd4 15.
cxd4 axb5 16. f3 c5 17. dxc5 dxc5 18. Nf1 c4 19. Be3 Bb4 20. Qxd8 Rexd8 21. Red1
Kf8 22. Kf2 Rxd1 23. Bxd1 Nd7 24. Bc2 Ne5 25. Ke2 Nc6 26. Rd1 Be7 27. f4 Ke8 28.
Ng3 g6 29. e5 Ra8 30. Bb1 Nb4 31. Ne4 Nd5 32. g3 Nxe3 33. Kxe3 Bc8 34. Nd6+ Bxd6
35. Rxd6 Ra1 36. Be4 Re1+ 37. Kf3 Bd7 38. Rd2 h5 39. Bd5 Ke7 40. Kf2 Rc1 41.
Bxf7 Bf5 42. Bd5 b4 43. Re2 Bg4 44. Bf3 Bf5 45. Bd5 c3 46. bxc3 bxc3 47. Ke3 Bg4
48. Bf3 Bd7 49. Be4 Ba4 50. Kd4 Kf7 51. Kc4 Kg7 52. Kb4 Bd1 53. Ra2 h4 54. gxh4
Bg4 55. Rc2 Rf1 56. Rxc3 Rxf4 57. Rc4 Bf5 58. Bd5 Rf2 59. Kc5 Rxh2 60. Kd6 Rd2
61. e6 Bxe6 62. Kxe6 Re2+ 63. Kd6 Kh6 64. Be6 g5 65. hxg5+ Kxg5 66. Rg4+ Kf6 67.
Rf4+ Kg5 68. Rf5+ Kh4 69. Bd5 Re3 70. Kc5 Kg4 71. Rf1 Kg5 72. Rf2 Re1 73. Kd4
Re7 74. Be4 Re8 75. Rf5+ Kh6 76. Ke3 Kg7 77. Rb5 Kf6 78. Kf4 Re6 79. Rb7 Rd6 80.
Rc7 Rb6 81. Rh7 Rd6 82. Rh1 Ke7 83. Bf5 Kf6 84. Rg1 Rd4+ 85. Be4 Rd6 86. Rg5 Ke7
87. Bd5 Kf6 88. Rf5+ Kg6 89. Bf7+ Kg7 90. Kg5 Rb6 91. Bd5 Rg6+ 92. Kh4 1/2-1/2

[Event "ch-Commonwealth 2012"]
[Site "Chennai IND"]
[Date "2012.11.29"]
[Round "9"]
[White "Prince, Bajaj"]
[Black "Deepan, Chakkravarthy J."]
[Result "1/2-1/2"]
[WhiteTitle "CM"]
[BlackTitle "GM"]
[WhiteElo "2263"]
[BlackElo "2500"]
[WhiteFideId "5045150"]
[BlackFideId "5011132"]
[EventDate "2012.11.23"]

1. e4 c5 2. Nf3 d6 3. d4 cxd4 4. Nxd4 Nf6 5. Nc3 Nc6 6. Bc4 e6 7. Be3 a6 8. Qe2
Qc7 9. O-O-O Na5 10. Bd3 b5 11. Nb3 b4 12. Na4 Rb8 13. Kb1 Bd7 14. e5 Bxa4 15.
exf6 gxf6 16. Bxa6 Nxb3 17. axb3 Bd7 18. Bc4 Be7 19. Rhe1 Bc6 20. Bf4 Ra8 21.
Bxe6 fxe6 22. Qxe6 Qa7 23. Kc1 Qd7 24. Qxf6 Rf8 25. Rxe7+ Qxe7 26. Qxe7+ Kxe7
27. Bxd6+ Ke6 28. Bxf8 Rxf8 29. f3 Rg8 30. Rd2 Ke5 31. Kd1 h5 32. Ke1 Ra8 33.
Kf2 h4 34. h3 Ra1 35. c3 bxc3 1/2-1/2

[Event "ch-Commonwealth 2012"]
[Site "Chennai IND"]
[Date "2012.11.29"]
[Round "9"]
[White "Ashwin, Jayaram"]
[Black "Sahoo, Utkal Ranjan"]
[Result "1-0"]
[WhiteTitle "IM"]
[WhiteElo "2488"]
[BlackElo "2235"]
[WhiteFideId "5018137"]
[BlackFideId "5034566"]
[EventDate "2012.11.23"]

1. d4 d5 2. c4 c6 3. Nf3 e6 4. Qc2 Nf6 5. Bg5 Nbd7 6. Nbd2 Be7 7. e3 O-O 8. Bd3
h6 9. Bf4 dxc4 10. Nxc4 Nd5 11. O-O c5 12. a3 cxd4 13. Nxd4 Nc5 14. Bh7+ Kh8 15.
Bg3 Bd7 16. Rac1 Rc8 17. Be4 Ba4 18. Qb1 Nb3 19. Nxb3 Bxb3 20. Qd3 Bxc4 21. Rxc4
Qb6 22. Bxd5 exd5 23. Rxc8 Rxc8 24. Qxd5 Kg8 25. Qd7 Qe6 26. Qxb7 h5 27. h3 h4
28. Be5 a5 29. Rd1 Rc5 30. Bc3 Rg5 31. Qa8+ Kh7 32. Qf3 Qg6 33. Rd4 Rf5 34. Rg4
Bg5 35. Qe4 1-0

[Event "ch-Commonwealth 2012"]
[Site "Chennai IND"]
[Date "2012.11.29"]
[Round "9"]
[White "Dimakiling, Oliver"]
[Black "Vignesh, NR"]
[Result "1/2-1/2"]
[WhiteTitle "IM"]
[WhiteElo "2453"]
[BlackElo "2230"]
[WhiteFideId "5202248"]
[BlackFideId "25012215"]
[EventDate "2012.11.23"]

1. c4 e6 2. Nc3 d5 3. e3 Nf6 4. d4 Be7 5. Bd3 c5 6. cxd5 exd5 7. dxc5 Bxc5 8.
Nf3 Nc6 9. h3 O-O 10. O-O Qe7 11. a3 Rd8 12. b4 Bb6 13. Na4 Bc7 14. Bb2 Ne5 15.
Rc1 Nxf3+ 16. Qxf3 Be5 17. Bd4 b6 18. Nc3 Bxd4 19. exd4 a5 20. bxa5 bxa5 21. Nb5
Be6 22. Qe2 Rac8 23. Qd2 a4 24. Rxc8 Rxc8 25. Qa5 Bd7 26. Re1 Qf8 27. Re3 Ra8
28. Qc7 Qb8 29. Qxb8+ Rxb8 30. Nc7 Kf8 31. g4 h6 32. Na6 Rb3 33. Bc2 Rb2 34. Rc3
Ne4 35. Rc7 Be6 36. Bxe4 dxe4 37. Nc5 Ra2 38. Nxa4 Rxa3 39. Nc3 Ra5 40. Kg2 Ke8
41. Kg3 Kd8 42. Rc5 Rxc5 43. dxc5 f5 44. gxf5 Bxf5 45. Nb5 Bd7 46. Nd4 Kc7 47.
h4 g5 48. hxg5 hxg5 49. Kg2 Be8 50. Kf1 Bf7 51. Ke2 Bd5 52. Kd2 Bg8 53. Ke3 Bd5
54. Nf5 Kc6 55. Kd4 Be6 56. Ne3 Bb3 57. Ng4 Be6 58. Nf6 g4 59. Nxe4 Bf5 60. Nd2
Bc8 61. Nc4 Be6 62. Ne5+ Kb5 63. Ng6 Kc6 64. Nf4 Ba2 65. Nd3 Be6 66. Ke4 Bb3 67.
Ke5 Bc4 68. Nb2 Bb3 69. Kd4 Bd5 70. Nc4 Be6 71. Na5+ Kb5 72. Nb7 Bg8 73. Nd8 Ba2
74. Nb7 Bg8 75. Nd6+ Kc6 76. Nf5 Be6 77. Ne7+ Kd7 78. Ng6 Kc6 79. Ne5+ Kb5 80.
c6 Kb6 81. Ke4 Kc5 82. Kf4 Kd6 83. Nxg4 Kxc6 84. Nf6 Kd6 85. Ne4+ Ke7 86. Ke5
Bc8 87. f4 Bd7 88. Nd6 Be6 89. Nb5 Bd7 90. Nc7 Kf7 91. Nd5 Be6 92. Nf6 Ke7 93.
Ne4 Bd7 94. Ng5 Bc8 95. Nf3 Be6 96. Nh4 Bc8 97. Nf5+ Bxf5 98. Kxf5 Kf7 1/2-1/2

[Event "ch-Commonwealth 2012"]
[Site "Chennai IND"]
[Date "2012.11.29"]
[Round "9"]
[White "Kumaran, B"]
[Black "Shyam, Nikil P."]
[Result "1-0"]
[BlackTitle "IM"]
[WhiteElo "2197"]
[BlackElo "2431"]
[WhiteFideId "5038472"]
[BlackFideId "5024218"]
[EventDate "2012.11.23"]

1. e4 e6 2. d4 d5 3. Nc3 Nf6 4. e5 Nfd7 5. Nce2 c5 6. c3 cxd4 7. cxd4 f6 8. f4
fxe5 9. fxe5 Qh4+ 10. Ng3 Bb4+ 11. Kf2 Nc6 12. Nf3 O-O 13. Be3 Be7 14. Be2 Bg5
15. Ke1 Rxf3 16. Bxg5 Qxg5 17. Bxf3 Qh4 18. Bg4 Nb6 19. Rf1 Bd7 20. Qf3 Qe7 21.
Rd1 Nb4 22. Rf2 Nxa2 23. Kf1 Nb4 24. Kg1 Rf8 25. Qxf8+ Qxf8 26. Rxf8+ Kxf8 27.
b3 g6 28. h4 Ke7 29. Ne2 Be8 30. Nf4 Bf7 31. Be2 Nc6 32. Kf2 Na5 33. Rd3 Nd7 34.
Rc3 Nc6 35. Rd3 Nf8 36. Ke3 h6 37. Rd1 Be8 38. g4 Kf7 39. Rf1 Kg7 40. Bd3 Ne7
41. h5 g5 42. Ng6 Nexg6 43. Bxg6 Nxg6 44. hxg6 Bxg6 45. Rc1 b5 46. Rc7+ Kf8 47.
Rxa7 Bc2 48. b4 Ke8 49. Rb7 Ba4 50. Ke2 1-0

[Event "ch-Commonwealth 2012"]
[Site "Chennai IND"]
[Date "2012.11.29"]
[Round "9"]
[White "Kiran, Manisha Mohanty"]
[Black "Ankit, R. Rajpara"]
[Result "1-0"]
[WhiteTitle "WGM"]
[BlackTitle "IM"]
[WhiteElo "2179"]
[BlackElo "2423"]
[WhiteFideId "5019575"]
[BlackFideId "5023335"]
[EventDate "2012.11.23"]

1. e4 c6 2. d4 d5 3. e5 Bf5 4. h4 h6 5. g4 Be4 6. f3 Bh7 7. Bd3 Bxd3 8. Qxd3 e6
9. h5 c5 10. c3 Nd7 11. f4 Ne7 12. Ne2 Nc6 13. a3 Be7 14. Nd2 Qb6 15. Nf3 O-O-O
16. b4 cxd4 17. cxd4 Kb8 18. Bd2 f6 19. Be3 Rhf8 20. Bf2 Ka8 21. Qe3 Rc8 22. Rd1
a6 23. exf6 Nxf6 24. Rg1 Ne4 25. Ng3 Bd6 26. Nxe4 Bxf4 27. Qe2 dxe4 28. Qxe4 Qb5
29. Rg2 Bd6 30. Be3 Rce8 31. Re2 Re7 32. Bf2 Rf4 33. Qe3 e5 34. dxe5 Rxf3 35.
Qxf3 Nxe5 36. Qd5 1-0

[Event "ch-Commonwealth 2012"]
[Site "Chennai IND"]
[Date "2012.11.29"]
[Round "9"]
[White "Navin, Kanna"]
[Black "Kulkarni, Bhakti"]
[Result "1-0"]
[BlackTitle "CM"]
[WhiteElo "2402"]
[BlackElo "2196"]
[WhiteFideId "5015294"]
[BlackFideId "5019516"]
[EventDate "2012.11.23"]

1. c4 Nf6 2. Nc3 g6 3. d4 Bg7 4. e4 d6 5. g3 O-O 6. Bg2 c6 7. Nge2 Qa5 8. O-O e5
9. h3 exd4 10. Nxd4 Nbd7 11. Re1 Re8 12. Be3 Nc5 13. Nb3 Nxb3 14. axb3 Qc7 15.
Bxa7 b5 16. e5 Rxe5 17. Rxe5 dxe5 18. Nxb5 Qd7 19. Qxd7 Bxd7 20. Nc3 Bf8 21. Ra4
Be8 22. Bb6 Rb8 23. Bc7 Rc8 24. Bxe5 Nd7 25. Bf4 Nc5 26. Ra7 Nd3 27. Be3 Bg7 28.
Ne4 Be5 29. Bf1 Nxb2 30. Re7 f5 31. Rxe5 fxe4 32. Rxe4 1-0

[Event "ch-Commonwealth 2012"]
[Site "Chennai IND"]
[Date "2012.11.29"]
[Round "9"]
[White "Nitin, S."]
[Black "Anilkumar, O.T."]
[Result "1-0"]
[WhiteTitle "IM"]
[WhiteElo "2398"]
[BlackElo "2173"]
[WhiteFideId "5018277"]
[BlackFideId "5017530"]
[EventDate "2012.11.23"]

1. e4 e6 2. d4 d5 3. Nc3 dxe4 4. Nxe4 Nd7 5. Nf3 Ngf6 6. Bg5 Be7 7. Nxf6+ Bxf6
8. h4 h6 9. Bxf6 Qxf6 10. Qd2 Nb6 11. Ne5 Bd7 12. g3 O-O-O 13. Bg2 Kb8 14. a4
Bc8 15. a5 Nd7 16. Ng4 Qg6 17. Ne3 a6 18. O-O e5 19. Nd5 Rhe8 20. Qb4 exd4 21.
Qxd4 Nf6 22. c4 Qf5 23. Rfe1 Rxe1+ 24. Rxe1 c6 25. Qb6 Rxd5 26. cxd5 Nxd5 27.
Qd8 g5 28. hxg5 hxg5 29. Bxd5 cxd5 30. Rc1 Qd7 31. Qxg5 d4 32. Qe5+ Ka7 33. Rd1 1-0

[Event "ch-Commonwealth 2012"]
[Site "Chennai IND"]
[Date "2012.11.29"]
[Round "9"]
[White "Ravichandran, Siddharth"]
[Black "Deepthamsh, Reddy M"]
[Result "1/2-1/2"]
[WhiteTitle "IM"]
[WhiteElo "2381"]
[BlackElo "2115"]
[WhiteFideId "5010535"]
[BlackFideId "5026300"]
[EventDate "2012.11.23"]

1. e4 c5 2. Nf3 d6 3. d4 cxd4 4. Nxd4 Nf6 5. Nc3 a6 6. h3 e6 7. g4 d5 8. exd5
Nxd5 9. Nde2 Bb4 10. Bg2 O-O 11. a3 Nxc3 12. Qxd8 Rxd8 13. Nxc3 Bxc3+ 14. bxc3
Nc6 15. Be3 e5 16. Rb1 Re8 17. O-O Na5 18. Rfd1 h6 19. a4 Be6 20. Bb6 Nc6 21.
Bc7 Rac8 22. Rxb7 Re7 23. Bxc6 Rexc7 24. Rxc7 Rxc7 25. Rd8+ Kh7 26. Rd6 g6 27.
a5 Bc4 28. f3 Kg7 29. h4 Kf8 30. Be4 Bb5 31. Bd3 Bxd3 32. cxd3 Rxc3 33. Kf2 Ra3
34. Rxa6 Rxd3 35. Rb6 Ra3 36. a6 h5 37. g5 Kg7 38. Rf6 Ra4 39. Kg3 Ra3 40. Kf2
Ra4 41. f4 exf4 42. Kf3 Ra3+ 43. Kxf4 Rh3 44. Ke5 Rh1 45. Kd6 Rxh4 46. Kc6 Rg4
47. a7 Rxg5 48. Rxf7+ Kxf7 49. a8=Q Rf5 50. Qh8 Ke6 51. Qg7 Rf6 52. Qd7+ Ke5+
53. Kc5 Rf5 54. Qd6+ Ke4+ 55. Kc4 Rg5 56. Qe6+ Kf4 57. Kd4 Rg4 58. Qf6+ Kg3+ 59.
Ke3 Kh3 60. Kf2 Rg2+ 61. Kf1 Rg4 62. Qf2 Rg3 63. Qf4 Rg4 64. Qf6 Kh2 65. Qf3
Rg1+ 66. Kf2 Rg4 67. Qe3 Rg2+ 68. Kf1 Rg4 69. Qe5+ Kh3 70. Qf6 Kh2 71. Qe5+ Kh3
72. Qd6 Kh4 73. Qe7+ Kh3 74. Qe6 Kh4 75. Qe3 Rg3 76. Qe5 Kh3 77. Qe4 Rg4 78.
Qh1+ Kg3 79. Ke2 Kf4 80. Qc1+ Kf5 1/2-1/2

[Event "ch-Commonwealth 2012"]
[Site "Chennai IND"]
[Date "2012.11.30"]
[Round "10"]
[White "Karthikeyan, P."]
[Black "Tiviakov, Sergei"]
[Result "1/2-1/2"]
[WhiteTitle "IM"]
[BlackTitle "GM"]
[WhiteElo "2414"]
[BlackElo "2659"]
[WhiteFideId "5018226"]
[BlackFideId "1008013"]
[EventDate "2012.11.23"]

1. d4 Nf6 2. c4 e6 3. Nc3 Bb4 4. e3 c5 5. Ne2 cxd4 6. exd4 O-O 7. a3 Be7 8. Nf4
d5 9. cxd5 Nxd5 10. Ncxd5 exd5 11. Bd3 Bf6 12. O-O Nc6 13. Be3 g6 14. Rc1 Bg7
15. Bb1 Qd6 16. Re1 Rd8 17. Qd2 Ne7 18. h3 Bf5 19. Bxf5 Nxf5 20. Rc5 Ne7 21. Nd3
Nc6 22. Nf4 Ne7 23. Nd3 Nc6 24. Nf4 1/2-1/2